|
|
|
|
| LEADER |
01104nam a2200241 a 4500 |
| 008 |
091006s1990 ncua b 001 0 eng d |
| 010 |
|
|
|a \\\89036234
|
| 040 |
|
|
|a DLC
|b eng
|c DLC
|d CaOONL
|d OOU
|
| 082 |
0 |
0 |
|a 371.2/07
|2 20
|
| 100 |
1 |
|
|a Rondinelli, Dennis A
|
| 245 |
1 |
0 |
|a Planning education reforms in developing countries:
|b the contingency approach /
|c Dennis A. Rondinelli, John Middleton, and Adriaan M. Verspoor.
|
| 260 |
|
|
|a Dhaka :
|b Duke University Press,
|c 1990.
|
| 300 |
|
|
|a vii, 182 p :
|b ill. ;
|c 23 cm.
|
| 490 |
0 |
|
|a Duke Press policy studies
|
| 504 |
|
|
|a Includes bibliographical references and index.
|
| 541 |
1 |
|
|e 00005204
|
| 650 |
|
0 |
|a Educational planning
|z Developing countries.
|
| 650 |
|
0 |
|a Education
|z Developing countries.
|
| 700 |
1 |
|
|a Middleton, John,
|d 1943-
|
| 700 |
1 |
|
|a Verspoor, Adriaan,
|d 1942-
|
| 852 |
4 |
|
|a Ayesha Abed Library
|j General shelf
|
| 999 |
|
|
|c 4262
|d 4262
|
| 952 |
|
|
|0 0
|1 0
|2 ddc
|4 0
|6 371_207000000000000_RON_1990
|7 0
|9 3932
|a BRACUL
|b BRACUL
|c GEN
|d 2009-10-06
|g 0.00
|l 1
|m 3
|o 371.207 RON
|p 3010005204
|r 2010-11-15
|s 2010-10-13
|t 1
|w 2009-10-06
|y BK
|x No price found in the accession register.
|